Normal view
MARC view
- Educación de niños
Entry Materia
001 - NÚMERO DE CONTROL DEL REGISTRO
- campo de control: 23816
003 - IDENTIFICADOR DE NUMERO DE CONTROL
- campo de control: MX-MxUPN
005 - FECHA Y HORA DE LA ÚLTIMA TRANSACCIÓN
- campo de control: 20240508164300.0
008 - DATOS DE LONGITUD FIJA
- campo de control de longitud fija: 240508nn fnnnnaabd a ana |d
035 ## - NÚMERO DE CONTROL DEL SISTEMA
- Número de control del sistema: UPN10000023825
040 ## - FUENTE DE LA CATALOGACIÓN
- Centro catalogador de origen: MX-MxUPN
- Lengua de catalogación: spa
150 ## - ENCABEZAMIENTO - TEMÁTICO
- Término de materia o nombre geográfico como elemento inicial: Educación de niños
- Subdivisión geográfica: Brasil
670 ## - FUENTE EN LA QUE SE LOCALIZARON DATOS
- Cita de la fuente: Escamilla González, G. Lista de encabezamientos de materia, 1978 :
- Información localizada: página 285 (Educación de niños -- México (D.F.))
902 ## - CATALOGADOR
- Catalogador: MCM/110515
- Catalogador: VíctorGodínez/080524
